[Event "Hastings8384"]
[Site "Hastings"]
[Date "1983.??.??"]
[Round "1"]
[White "Ftacnik, Lubomir"]
[Black "Alburt, Lev O"]
[Result "1/2-1/2"]
[WhiteElo "2535"]
[BlackElo "2570"]

1.Nf3 Nf6 2.c4 c5 3.Nc3 e6 4.g3 d5 5.cxd5 Nxd5 6.Bg2 Nc6 7.O-O Nb6 8.b3 Be7
9.Bb2 O-O 10.Rc1 e5 11.Ne4 Nd7 12.d3 a5 13.e3 b6 14.d4 Ba6 15.Nxe5 Ndxe5
16.dxe5 Bxf1 17.Qxf1 Qc7 18.Nc3 Rad8 19.Nd5 Rxd5 20.Bxd5 Nxe5 21.f4 Ng4 22.Be4  1/2-1/2

[Event "Hastings8384"]
[Site "Hastings"]
[Date "1983.??.??"]
[Round "5"]
[White "Mestel, A Jonathan"]
[Black "Ftacnik, Lubomir"]
[Result "1/2-1/2"]
[WhiteElo "2500"]
[BlackElo "2535"]

1.c4 Nf6 2.Nc3 c5 3.Nf3 b6 4.e4 Bb7 5.e5 Ng4 6.h3 Nh6 7.d4 Bxf3 8.Qxf3 Nc6
9.dxc5 Qb8 10.cxb6 axb6 11.Qe4 e6 12.Be2 Qxe5 13.Qxe5 Nxe5 14.Be3 Bc5 15.Bxc5 bxc5
16.Ne4 Ke7 17.f4 Nc6 18.Nxc5 Nd4 19.Kf2 Nxe2 20.Kxe2 Rhc8 21.Nd3 Rxc4 22.Kd2 Nf5
23.b3 Re4 24.Rhe1 Rxe1 25.Nxe1 Nd4 26.Nc2 Nxc2 27.Kxc2 Kd6 28.a4 Kc5 29.Kc3 Rc8
30.b4+ Kb6+ 31.Kb3 d5 32.Re1 g6 33.g4 Rc4 34.f5 exf5 35.gxf5 Rf4 36.Re3 Rxf5
37.Rc3 d4 38.Rd3 Rd5 39.Kc4 Rd6 40.Rxd4 Rxd4+ 41.Kxd4 g5  1/2-1/2

[Event "Hastings8384"]
[Site "Hastings"]
[Date "1983.??.??"]
[Round "6"]
[White "Ftacnik, Lubomir"]
[Black "Short, Nigel D"]
[Result "1-0"]
[WhiteElo "2535"]
[BlackElo "2475"]

1.Nf3 Nf6 2.c4 e6 3.Nc3 c5 4.g3 b6 5.Bg2 Bb7 6.O-O Be7 7.d4 cxd4 8.Qxd4 d6
9.Bg5 a6 10.Bxf6 Bxf6 11.Qd3 Qc7 12.Rad1 Be7 13.Ne4 O-O 14.Nfg5 g6 15.Qd4 Nd7
16.Bh3 e5 17.Qd2 Rad8 18.Bg2 Bxg5 19.Qxg5 Bxe4 20.Bxe4 Qxc4 21.Bd5 Qc8 22.Rc1 Qb8
23.Rc4 Rc8 24.Rh4 Rc5 25.e4 Qc7 26.Rd1 Rxd5 27.exd5 Qc2 28.Rc1 Qxb2 29.Rc7 Qb1+
30.Kg2 Qb5 31.Kg1 Qb1+ 32.Kg2 Qb5 33.Qd2 Nf6 34.Rc6 Rd8 35.Rb4 Qxd5+ 36.Qxd5 Nxd5
37.Rb2 Ne7 38.Rcxb6 Kg7 39.Rb8 Rd7 40.R2b7 Rxb7 41.Rxb7 Nd5 42.Ra7 Nc3 43.Rxa6  1-0

[Event "Hastings8384"]
[Site "Hastings"]
[Date "1983.??.??"]
[Round "8"]
[White "Alburt, Lev O"]
[Black "Sax, Gyula"]
[Result "1-0"]
[WhiteElo "2570"]
[BlackElo "2570"]

1.Nf3 Nf6 2.c4 c5 3.Nc3 d5 4.cxd5 Nxd5 5.d4 e6 6.e3 Nc6 7.Bd3 Be7 8.O-O O-O
9.a3 cxd4 10.exd4 Bf6 11.Be4 Qd6 12.Qd3 h6 13.Rd1 Bd7 14.Qe2 Rac8 15.Bc2 Nce7
16.Ne4 Qc7 17.Nc5 Rfd8 18.Qe4 Ng6 19.Bd3 Be7 20.Nxd7 Rxd7 21.g3 Rdd8 22.Qe2 Nf8
23.Ne5 Bf6 24.Nf3 Qb6 25.g4 Qd6 26.h4 Nf4 27.Bxf4 Qxf4 28.Qe4 Ng6 29.h5 Qxe4
30.Bxe4 Nf4 31.Rd2 Rc7 32.Rad1 Rcd7 33.Kh2 g6 34.hxg6 fxg6 35.g5 hxg5 36.Kg3 Kg7
37.Kg4 Nd5 38.Re1 Nf4 39.Red1 b6 40.Nxg5 Bxg5 41.Kxg5 Rf8 42.Rh1 e5 43.d5 Rd6
44.b4 Rc8 45.f3 Ne6+ 46.dxe6 Rxd2 47.f4 exf4 48.Rh6 Rd6 49.Rxg6+ Kf8 50.Kxf4 Rc1
51.Ke5 Rd2 52.Rf6+ Ke7 53.Rf7+ Ke8 54.Rxa7 Re1 55.a4 Re3 56.Rb7 Re1 57.Rxb6  1-0

[Event "Hastings8384"]
[Site "Hastings"]
[Date "1983.??.??"]
[Round "10"]
[White "Suba, Mihai"]
[Black "Sax, Gyula"]
[Result "1-0"]
[WhiteElo "2555"]
[BlackElo "2570"]

1.c4 Nf6 2.Nf3 c5 3.Nc3 d5 4.cxd5 Nxd5 5.e4 Nb4 6.Bc4 Nd3+ 7.Ke2 Nf4+ 8.Kf1 Ne6
9.Ne5 Qd6 10.f4 Nc6 11.Qa4 Nd8 12.d4 cxd4 13.Nb5 Qb8 14.Nxd4 f6 15.Ndxc6 bxc6
16.Bf7+  1-0

[Event "Hastings8384"]
[Site "Hastings"]
[Date "1983.??.??"]
[Round "13"]
[White "Suba, Mihai"]
[Black "Ftacnik, Lubomir"]
[Result "0-1"]
[WhiteElo "2555"]
[BlackElo "2535"]

1.c4 c5 2.Nf3 Nf6 3.Nc3 e6 4.e3 Nc6 5.d4 d5 6.cxd5 exd5 7.Be2 cxd4 8.Nxd4 Bd6
9.O-O O-O 10.Nf3 a6 11.b3 Re8 12.Bb2 Bc7 13.Rc1 Qd6 14.Rc2 Bg4 15.g3 Rad8
16.Rd2 Ba5 17.Qa1 Bxc3 18.Bxc3 Ne4 19.Rc2 Nxc3 20.Rxc3 Qf6 21.Nd4 Bxe2 22.Nxe2 h5
23.Rc5 Qe7 24.Qc3 h4 25.Nd4 h3 26.Nxc6 bxc6 27.Qd4 Qd7 28.f3 Re6 29.Kf2 Rde8
30.Re1 Rf6 31.Rec1 Qf5 32.Qd1 Ree6 33.R1c3 g5 34.Ra5 Qe5 35.Qd4 Qf5 36.Qd1 Re4
37.Rxa6 g4 38.f4 d4 39.exd4 Rd6 40.Rd3 Rde6 41.d5 Re8 42.Rxc6 Re1 43.Qd2 Rh1
44.Re3 Rxh2+ 45.Ke1  0-1

[Event "Havana-B"]
[Site "Havana"]
[Date "1983.??.??"]
[Round "13"]
[White "Frey, Kenneth"]
[Black "Ortega, Lexy"]
[Result "1/2-1/2"]
[WhiteElo "2380"]
[BlackElo "2425"]

1.Nf3 Nf6 2.c4 c5 3.Nc3 e6 4.e3 d5 5.d4 Nc6 6.a3 cxd4 7.exd4 Be7 8.Bg5 O-O
9.Rc1 a6 10.c5 Ne4 11.Bxe7 Qxe7 12.Be2 Bd7 13.O-O Rad8 14.b4 Bc8 15.Qb3 Qf6
16.Rcd1 g5 17.Qc2 g4 18.Nxe4 dxe4 19.Ne5 Nxe5 20.dxe5 Qxe5 21.Bxg4 Bd7 22.f4 Qg7
23.Be2 Bc6 24.Qb3 Rd4 25.Qe3 Rfd8 26.Rxd4 Rxd4 27.f5 exf5 28.Rxf5 Rd5 29.Rxd5 Bxd5
30.Qg3 Qxg3 31.hxg3 Kg7 32.Kf2 Kf6 33.Ke3 Ke5 34.g4 h6 35.Bd1 Bc6 36.Bb3 f5
37.gxf5 Kxf5 38.Bc2 Ke5 39.Bd1 Kd5 40.Bb3+ Ke5 41.Bc2 Bd5 42.g3 Bc6 43.Bd1 Kd5
44.Be2 Bb5 45.Bh5 Bc6 46.Bf7+ Ke5 47.Bg6 Bd5 48.a4 Bc6 49.a5 Bd5 50.Bh5 Bc6
51.Be2 Bd7 52.Bf1 Be8 53.Be2 Bc6 54.Bf1 Be8  1/2-1/2

[Event "Poutiainen mem"]
[Site "Helsinki"]
[Date "1983.??.??"]
[Round "?"]
[White "Karlsson, Lars"]
[Black "Tiller, Bjorn"]
[Result "1/2-1/2"]
[WhiteElo "2505"]
[BlackElo "2430"]

1.c4 c5 2.Nc3 Nf6 3.Nf3 e6 4.g3 b6 5.Bg2 Bb7 6.O-O Be7 7.b3 O-O 8.Bb2 d6
9.e3 a6 10.d4 Ra7 11.d5 exd5 12.cxd5 b5 13.Nh4 Bc8 14.e4 Ng4 15.Nf5 Bxf5
16.exf5 Nf6 17.g4 h6 18.f4 b4 19.Nb1 Nh7 20.Nd2 Nd7 21.Kh1 Bf6 22.Bxf6 Ndxf6
23.Bf3 Re8 24.a3 a5 25.axb4 cxb4 26.Nc4 Ne4 27.Bxe4 Rxe4 28.Qd3 Rae7 29.Ne5 dxe5
30.Qxe4 exf4 31.Qxf4 Qxd5+ 32.Qf3 Qxf3+ 33.Rxf3 Re5 34.Rd3 Nf6 35.Rd4 Kh7
36.Rc1 h5 37.h3 Kh6 38.Rc7 Re3 39.Kg2 Rxb3 40.Rxf7 hxg4 41.hxg4 a4 42.Rd1 Nxg4
43.Rh1+ Kg5 44.Rxg7+ Kxf5 45.Rf1+ Ke4 46.Rxg4+ Kd3 47.Rf2 Rb1 48.Rf3+ Kc2
49.Rc4+ Kd2 50.Rff4 a3 51.Kf2 Rb3 52.Rfd4+ Rd3 53.Re4 Rb3 54.Rc8 Rc3 55.Ra8 Rc2
56.Re3 Kc1+  1/2-1/2

[Event "URS-ch sf"]
[Site "Irkutsk"]
[Date "1983.??.??"]
[Round "?"]
[White "Arbakov, Valentin"]
[Black "Pigusov, Evgeny"]
[Result "0-1"]
[WhiteElo "2425"]
[BlackElo "2430"]

1.c4 c5 2.Nf3 Nf6 3.Nc3 b6 4.e4 d6 5.d4 cxd4 6.Nxd4 Bb7 7.f3 e6 8.Be2 Be7
9.O-O O-O 10.Be3 Nbd7 11.Qd2 a6 12.Rfd1 Re8 13.Bf1 Rc8 14.Rac1 Qc7 15.Kh1 Qb8
16.a3 Bd8 17.Bg1 Bc7 18.Qf2 Qa8 19.b4 d5 20.cxd5 exd5 21.Nxd5 Nxd5 22.exd5 Nf6
23.Qh4 Nxd5 24.Nf5 Be5 25.Bc4 Nf4 26.Qf2 b5 27.Bf1 Bd5 28.Rc5 Rxc5 29.bxc5 h5
30.Re1 Nh3 31.gxh3 g6 32.Nd6 Re6 33.Bg2 Qc6 34.Ne4 f5 35.Ng5 Re7 36.Qd2 Bf4
37.Qxf4 Rxe1 38.Qb8+ Kg7 39.Qa7+ Kf6 40.Nh7+ Ke6 41.Ng5+ Kf6 42.Nh7+ Ke6
43.Qg7 Rxg1+ 44.Kxg1 Qxc5+ 45.Kf1 Bc4+ 46.Ke1 Qe3+  0-1

[Event "URS-ch U26"]
[Site "Jurmala"]
[Date "1983.??.??"]
[Round "?"]
[White "Yermolinsky, Alex"]
[Black "Gavrikov, Viktor"]
[Result "1/2-1/2"]
[WhiteElo "2420"]
[BlackElo "2485"]

1.Nf3 Nf6 2.c4 c5 3.Nc3 e6 4.g3 b6 5.e4 Bb7 6.d3 d6 7.Bg2 Be7 8.O-O a6 9.b3 O-O
10.Bb2 Nbd7 11.Ne1 Ne5 12.Nc2 Rb8 13.f4 Nc6 14.g4 Nd7 15.g5 e5 16.h4 exf4
17.Nd5 Nde5 18.Rxf4 f6 19.Nxe7+ Qxe7 20.Ne3 fxg5 21.Nd5 Qd8 22.Rxf8+ Kxf8
23.Qh5 Kg8 24.hxg5 Bc8 25.Rf1 Bg4 26.Qh4 b5 27.Ne3 Be2 28.Rf2 Bxd3 29.Bh3 h6
30.Be6+ Kh7 31.Nf5 Qxg5+ 32.Qxg5 hxg5 33.Nxd6 g4 34.Bf5+ Kg8 35.Be6+ Kh7  1/2-1/2

[Event "URS-ch U26"]
[Site "Jurmala"]
[Date "1983.??.??"]
[Round "?"]
[White "Vyzmanavin, Alexey"]
[Black "Yermolinsky, Alex"]
[Result "1/2-1/2"]
[WhiteElo "2460"]
[BlackElo "2420"]

1.Nf3 c5 2.c4 Nf6 3.Nc3 d5 4.cxd5 Nxd5 5.e4 Nxc3 6.dxc3 Qxd1+ 7.Kxd1 Nc6
8.Kc2 b6 9.Be3 Bb7 10.Nd2 e6 11.f3 Na5 12.Nc4 Nxc4 13.Bxc4 O-O-O 14.Rad1 Be7
15.Rxd8+ Rxd8 16.Rd1 Rxd1 17.Kxd1  1/2-1/2

[Event "URS-ch U26"]
[Site "Jurmala"]
[Date "1983.??.??"]
[Round "?"]
[White "Andrianov, Nikolai"]
[Black "Zaichik, Gennadi"]
[Result "0-1"]
[WhiteElo "2400"]
[BlackElo "2480"]

1.Nf3 Nf6 2.c4 c5 3.Nc3 e6 4.g3 Nc6 5.Bg2 Be7 6.O-O d5 7.cxd5 Nxd5 8.d4 O-O
9.e4 Nb6 10.d5 exd5 11.exd5 Nb4 12.Ne5 Bf5 13.a3 Na6 14.Bf4 Bd6 15.Nb5 Bxe5
16.Bxe5 Qe8 17.Qe2 f6 18.d6 c4 19.Bxb7 Bd3 20.Qg4 h5 21.d7 Qxe5 22.Qd4 Qxd4
23.Nxd4 Bxf1 24.Rxf1 Nc5 25.Bxa8 Rxa8  0-1

[Event "Jurmala"]
[Site "Jurmala"]
[Date "1983.??.??"]
[Round "1"]
[White "Pytel, Krzysztof"]
[Black "Garcia Gonzales, Guillermo"]
[Result "1/2-1/2"]
[WhiteElo "2035"]
[BlackElo "2515"]

1.Nf3 Nf6 2.c4 c5 3.Nc3 g6 4.d4 Bg7 5.e4 d6 6.dxc5 Qa5 7.Nd2 Qxc5 8.Be2 O-O
9.Nb3 Qc7 10.Be3 Be6 11.Rc1 a6 12.Nd5 Bxd5 13.cxd5 Qd8 14.f3 Nbd7 15.O-O Rc8
16.Qd2 Rxc1 17.Rxc1 Qb8 18.Qc2 Rd8 19.Na5 Ne8 20.b4 Qa8 21.Qa4 Kf8 22.Qc2 Bf6
23.a4 Bg7 24.Nb3 Bf6 25.a5 Bg7 26.f4 h5 27.h3 Kg8 28.g4 hxg4 29.hxg4 g5 30.fxg5 Be5
31.Nd4 Nf8 32.Nf5 e6 33.Nh6+ Kg7 34.Rf1 Rd7 35.Bb6 Nh7 36.Qc1 Kg6 37.Nxf7 Rxf7
38.Rxf7 Kxf7 39.dxe6+ Ke7 40.g6 Nf8 41.Qf1 Nf6 42.g5 Nxg6 43.gxf6+ Bxf6 44.Qc1 Ne5
45.Qc7+ Kxe6 46.Bd1 Qg8+ 47.Kf1 Qg3 48.Qc8+ Kf7 49.Qxb7+ Kg6 50.Bf2 Qh3+
51.Kg1 Ng4 52.Bxg4 Qxg4+ 53.Kf1 Qd1+ 54.Kg2 Qg4+ 55.Kf1  1/2-1/2

[Event "Lvov"]
[Site "Lvov"]
[Date "1983.??.??"]
[Round "?"]
[White "Chekhov, Valery A"]
[Black "Adamski, Jan"]
[Result "1-0"]
[WhiteElo "2510"]
[BlackElo "2425"]

1.Nf3 Nf6 2.c4 c5 3.Nc3 d5 4.cxd5 Nxd5 5.e3 Nxc3 6.bxc3 g6 7.d4 Bg7 8.Be2 O-O
9.O-O b6 10.Rb1 Qc7 11.e4 Bb7 12.Qd3 e6 13.Bg5 h6 14.Be3 Rd8 15.Rbc1 Nc6
16.Rfd1 Na5 17.Qb1 Rac8 18.dxc5 bxc5 19.Rxd8+ Rxd8 20.Nd2 Bc6 21.Qc2 Bf8
22.Rb1 Rb8 23.Rxb8 Qxb8 24.f4 Qb7 25.Bf3 f5 26.Kf2 Be7 27.exf5 gxf5 28.Qd3 Kf8
29.Qe2 Qb2 30.Bxc6 Nxc6 31.Qc4 Na5 32.Qxe6 Qxc3 33.Qxf5+ Kg7 34.Qe6 Bf6 35.Ne4 Qc2+
36.Kg3 Bd4 37.Bxd4+ cxd4 38.Qe7+ Kg6 39.f5+ Kxf5 40.Qf6+ Kxe4 41.Qg6+ Ke3
42.Qxc2  1-0

[Event "URS-ch sf"]
[Site "Minsk"]
[Date "1983.??.??"]
[Round "?"]
[White "Gavrikov, Viktor"]
[Black "Grigorian, Karen Ashotovich"]
[Result "1/2-1/2"]
[WhiteElo "2470"]
[BlackElo "2425"]

1.Nf3 Nf6 2.c4 c5 3.Nc3 e6 4.e3 Nc6 5.d4 d5 6.cxd5 exd5 7.Be2 Be7 8.O-O O-O
9.b3 Ne4 10.Bb2 Bf6 11.Na4 Re8 12.Rc1 cxd4 13.Nxd4 Bd7 14.Nc5 Nxd4 15.Bxd4 Bc6
16.Qd3 Qe7 17.Rfd1 a6 18.Bf3 Rac8 19.a4 g6 20.Rc2 a5 21.Bg4 Rcd8 22.h3 h5
23.Be2 Be5 24.Bf3 Ng5 25.Be2 Ne4 26.Bf3 Ng5 27.Be2 Ne4  1/2-1/2

[Event "New York Kavkasian"]
[Site "New York"]
[Date "1983.??.??"]
[Round "?"]
[White "Spraggett, Kevin"]
[Black "Shamkovich, Leonid"]
[Result "1/2-1/2"]
[WhiteElo "2490"]
[BlackElo "2460"]

1.c4 Nf6 2.Nc3 c5 3.Nf3 d5 4.cxd5 Nxd5 5.d4 Nxc3 6.bxc3 g6 7.e3 Bg7 8.Bb5+ Nd7
9.O-O O-O 10.a4 Nf6 11.Bd3 Bf5 12.Re1 Bxd3 13.Qxd3 Rc8 14.e4 e6 15.Bf4 Qa5
16.Qb5 Qxb5 17.axb5 cxd4 18.cxd4 Ra8 19.Ra4 Rfc8 20.h3 h6 21.Be5 Rc2 22.Bxf6 Bxf6
23.Rea1 Rb2 24.e5 Bd8 25.Rxa7 Rxa7 26.Rxa7 Rb1+ 27.Kh2 Rxb5 28.d5 Rxd5 29.Rxb7 Rd3
30.Rb2 Ba5 31.h4 Kg7 32.Re2 Bd8 33.Ne1 Rd4 34.g3 g5 35.hxg5 hxg5 36.Nf3 Ra4
37.Rd2 Be7 38.Rd7 Kf8 39.Kg2 g4 40.Nh2 Re4 41.f4  1/2-1/2

[Event "New York Kavkasian"]
[Site "New York"]
[Date "1983.??.??"]
[Round "?"]
[White "Lein, Anatoly"]
[Black "Henley, Ron W"]
[Result "1/2-1/2"]
[WhiteElo "2465"]
[BlackElo "2525"]

1.Nf3 Nf6 2.c4 c5 3.Nc3 g6 4.e4 d6 5.d4 cxd4 6.Nxd4 Nc6 7.Be2 Bg7 8.Be3 O-O
9.O-O Nxd4 10.Bxd4 Be6  1/2-1/2

[Event "World op"]
[Site "New York"]
[Date "1983.??.??"]
[Round "?"]
[White "Quinteros, Miguel A"]
[Black "Alburt, Lev O"]
[Result "0-1"]
[WhiteElo "2515"]
[BlackElo "2560"]

1.Nf3 Nf6 2.c4 c5 3.Nc3 e6 4.g3 d5 5.cxd5 Nxd5 6.Bg2 Nc6 7.O-O Be7 8.d4 O-O
9.Nxd5 exd5 10.dxc5 Bxc5 11.b3 Bf5 12.Bb2 Be4 13.Rc1 Qe7 14.Qd2 Bb6 15.e3 Rfe8
16.Rfd1 Rad8 17.Ba1 f6 18.Qe2 Kh8 19.Qf1 Qa3 20.Rd2 Bxf3 21.Bxf3 Rxe3 22.Bxd5 Re7
23.Bb2 Qxa2 24.Rcd1 Rxd5 25.Rxd5 Qxb2 26.Qd3 Qxf2+  0-1

[Event "New York"]
[Site "New York"]
[Date "1983.??.??"]
[Round "3"]
[White "Bisguier, Arthur Bernard"]
[Black "Alburt, Lev O"]
[Result "1/2-1/2"]
[WhiteElo "2430"]
[BlackElo "2560"]

1.Nf3 Nf6 2.c4 c5 3.Nc3 e6 4.e3 g6 5.d4 Bg7 6.Be2 O-O 7.O-O d6 8.b3 b6 9.Bb2 Bb7
10.Qd2 Qe7 11.Rad1 Rd8 12.Rfe1 Nbd7 13.Qc2 Rac8 14.Qb1 d5 15.cxd5 exd5 16.Qa1 Nf8
17.Bf1 Ne6 18.g3 cxd4 19.Nxd4 Nxd4 20.exd4 Qd7 21.Bg2 Re8 22.Qb1 Rxe1+ 23.Rxe1 Re8
24.Rxe8+ Qxe8 25.Qd3 Qe1+ 26.Qf1 Qd2 27.Qe2 Qxe2 28.Nxe2 Ne4 29.f3 Nd6 30.Kf2 g5
31.Bh3 Ba6 32.Bd7 Bb5 33.Bxb5 Nxb5 34.g4 Bf8 35.a4 Nc7  1/2-1/2

[Event "New York"]
[Site "New York"]
[Date "1983.??.??"]
[Round "10"]
[White "Gurevich, Dmitry"]
[Black "Alburt, Lev O"]
[Result "1/2-1/2"]
[WhiteElo "2470"]
[BlackElo "2560"]

1.Nf3 Nf6 2.c4 c5 3.Nc3 e6 4.g3 d5 5.cxd5 Nxd5 6.Bg2 Be7 7.O-O O-O 8.d4 Nc6
9.Nxd5 exd5 10.dxc5 Bxc5 11.b3 Bf5 12.Bb2 Be4 13.Rc1 Qe7 14.Qd2 Bb6 15.Rfd1 Rfe8
16.e3 Rad8 17.Qe2 h6 18.Nd4 Ne5 19.Nf3 Nc6 20.Nd4 Qd7 21.Bxe4 Rxe4 22.Nxc6 bxc6
23.Qc2 Qe7 24.Bd4 Rd6 25.Bc5 Bxc5 26.Qxc5 Qd7 27.Rd4 Rf6 28.Rxe4 dxe4 29.Qc2 Qg4
30.Rd1 Kh7 31.Rd4 Re6 32.Qd1  1/2-1/2

[Event "Nis"]
[Site "Nis"]
[Date "1983.??.??"]
[Round "3"]
[White "Maksimovic, Branimir"]
[Black "Djukic, Zeljko"]
[Result "1/2-1/2"]
[WhiteElo "2380"]
[BlackElo "2370"]

1.c4 c5 2.Nf3 Nf6 3.Nc3 e6 4.d4 d5 5.e3 Nc6 6.Be2 Be7 7.O-O O-O 8.b3 Ne4
9.Bb2 b6 10.Ne5 Nxe5 11.dxe5 Nxc3 12.Bxc3 dxc4 13.bxc4 Bb7  1/2-1/2

[Event "Nis"]
[Site "Nis"]
[Date "1983.??.??"]
[Round "10"]
[White "Ilic, Zoran"]
[Black "Djukic, Zeljko"]
[Result "1/2-1/2"]
[WhiteElo "2430"]
[BlackElo "2370"]

1.Nf3 Nf6 2.c4 c5 3.Nc3 b6 4.d4 cxd4 5.Nxd4 Bb7 6.f3 e6 7.e4 d6 8.Be3 Be7
9.Be2 O-O 10.O-O a6 11.Qd2 Nbd7 12.Rfd1 Qc7 13.Rac1 Rfe8 14.Bf1 Rac8 15.Qf2  1/2-1/2

[Event "SVK-ch"]
[Site "Nova Bana"]
[Date "1983.??.??"]
[Round "7"]
[White "Certek, Pavel"]
[Black "Privara, Igor"]
[Result "1-0"]
[WhiteElo "2200"]
[BlackElo "2255"]

1.Nf3 c5 2.c4 Nf6 3.Nc3 e6 4.g3 Nc6 5.Bg2 d5 6.cxd5 exd5 7.d4 Be7 8.O-O O-O
9.Bg5 cxd4 10.Nxd4 h6 11.Bf4 Nxd4 12.Qxd4 Be6 13.Rfd1 Qa5 14.a3 Rac8 15.b4 Qa6
16.Nxd5 Nxd5 17.Bxd5 Bf6 18.Be5 Bxd5 19.Bxf6 Bb3 20.Rd3 Bc2 21.Be7 Bxd3 22.Bxf8 Kxf8
23.exd3 Qb6 24.Qf4 Kg8 25.Rc1 Rxc1+ 26.Qxc1 Qa6 27.d4 Qe6 28.h4 h5 29.Qe3 Qc6
30.Kh2 g6 31.Qe5 Qf3 32.Qe8+ Kh7 33.Qe3 Qc6 34.Qf4 f6 35.a4 Kg7 36.Qe3 Qd6
37.Qc3  1-0

[Event "Nordic-tt"]
[Site "Oslo"]
[Date "1983.??.??"]
[Round "?"]
[White "Borik, Otto"]
[Black "Ornstein, Axel"]
[Result "1/2-1/2"]
[WhiteElo "2395"]
[BlackElo "2455"]

1.Nf3 Nf6 2.c4 c5 3.Nc3 e6 4.e4 Nc6 5.d3 Be7 6.Be2 O-O 7.O-O d5 8.e5 Ng4
9.Bf4 f6 10.exf6 Bxf6 11.Bg3 Nh6 12.cxd5 exd5 13.Qb3 Bxc3 14.Qxc3 b6 15.d4 Nxd4
16.Nxd4 cxd4 17.Qxd4 Nf5 18.Qd2  1/2-1/2

[Event "Nordic-tt"]
[Site "Oslo"]
[Date "1983.??.??"]
[Round "?"]
[White "Kaiszauri, Konstanty"]
[Black "Hjartarson, Johann"]
[Result "1-0"]
[WhiteElo "2375"]
[BlackElo "2395"]

1.c4 Nf6 2.Nc3 c5 3.Nf3 e6 4.g3 b6 5.Bg2 Bb7 6.O-O Be7 7.b3 d6 8.Bb2 O-O
9.e3 a6 10.d4 Nbd7 11.d5 exd5 12.Nh4 Re8 13.Nf5 Bf8 14.Nxd5 Rb8 15.Nxf6+ Nxf6
16.Bxb7 Rxb7 17.Bxf6 Qxf6 18.Qf3 Rbb8 19.a4 g6 20.Nh4 Qxf3 21.Nxf3 b5 22.axb5 axb5
23.Ra7 h6 24.Rfa1 bxc4 25.bxc4 Rb4 26.R1a4 Reb8 27.Nd2 Rxa4 28.Rxa4 Rb2 29.Ne4 Rb4
30.Rxb4 cxb4 31.Nd2 f5 32.Kf1 Kf7 33.Nb3 Ke6 34.Nd4+ Kd7 35.Ke2 d5 36.Kd3 dxc4+
37.Kxc4 Kd6 38.Kxb4 Ke5+ 39.Kc3 Ke4 40.Kd2 g5 41.f3+ Ke5 42.Kd3 g4 43.f4+ Kf6
44.e4 fxe4+ 45.Kxe4 Bc5 46.Nf5 h5 47.Ne3 Kf7 48.f5 Bd6 49.Nd5 h4 50.gxh4 Bxh2
51.Ne3 g3 52.Kf3 Bg1 53.Nf1 Kf6 54.Nxg3 Bh2 55.Nf1 Bg1 56.Kg4 Bf2 57.h5 Bd4
58.Nd2 Be3 59.Ne4+ Kf7 60.Ng5+ Kg7 61.Ne6+ Kf6 62.Nf4 Bc1 63.Nd5+ Ke5 64.Nc3 Kf6
65.Ne4+ Kf7 66.Kf3 Kg7 67.Nf2 Kf6 68.Kg4 Be3 69.Ne4+ Kf7 70.Kf3 Bc1 71.Nd6+ Ke7
72.Nc4 Kf6 73.Kg4 Bh6 74.Nb6 Bc1 75.Nd5+ Ke5 76.Nb4 Kf6 77.Nd3 Bd2 78.Nf4 Bc1
79.h6 Bd2 80.Nd5+ Kf7 81.h7 Kg7 82.f6+ Kxh7 83.Kf5 Kg8 84.Ke6 Kf8 85.f7 Bc1
86.Nb6 Ba3 87.Kf6 Bb2+ 88.Kg6 Ke7 89.Nd7  1-0

[Event "EU-chT Plovdiv"]
[Site "Plovdiv"]
[Date "1983.??.??"]
[Round "1"]
[White "Spassov, Liuben"]
[Black "Tukmakov, Vladimir B"]
[Result "1/2-1/2"]
[WhiteElo "2460"]
[BlackElo "2580"]

1.Nf3 Nf6 2.c4 c5 3.Nc3 e6 4.g3 d5 5.cxd5 Nxd5 6.Bg2 Nc6 7.O-O Be7 8.d4 O-O
9.Nxd5 exd5 10.dxc5 Bxc5 11.a3 Bf5 12.b4 Bb6 13.Bb2 Re8 14.e3 Be4 15.Qb3 Qd7
16.Rad1 Rad8 17.Rd2 Qf5 18.Nh4 Qh5 19.Rfd1 Ne5 20.Bxe5 Qxe5 21.Nf3 Qf6 22.Nd4 h5
23.h4 g6 24.Ne2 Bf3 25.Bxf3 Qxf3 26.Nd4 Qe4 27.Nb5 Qf3 28.Nd4 Qe4 29.Qd3 Re5
30.Qe2 a6 31.Nf3 Rf5  1/2-1/2

[Event "Rubinstein mem"]
[Site "Polanica Zdroj"]
[Date "1983.??.??"]
[Round "4"]
[White "Lechtynsky, Jiri"]
[Black "Sygulski, Artur"]
[Result "1/2-1/2"]
[WhiteElo "2475"]
[BlackElo "2390"]

1.Nf3 Nf6 2.c4 c5 3.Nc3 g6 4.g3 b6 5.Bg2 Bb7 6.b3 Bg7 7.Bb2 O-O 8.O-O Ne4
9.Rc1 Na6 10.d4 Nxc3 11.Bxc3 d5 12.dxc5 dxc4 13.Bxg7 Kxg7 14.Rxc4 Qxd1 15.Rxd1 Nxc5
16.b4 Ba6 17.Rcc1 Ne6 18.Ne5 Rac8 19.e3 Rfd8 20.a4 Rxd1+ 21.Rxd1 Rc7 22.Bd5 Bc8  1/2-1/2

[Event "Rubinstein mem"]
[Site "Polanica Zdroj"]
[Date "1983.??.??"]
[Round "5"]
[White "Stempin, Pawel"]
[Black "Ksieski, Zbigniew"]
[Result "1-0"]
[WhiteElo "2380"]
[BlackElo "2415"]

1.Nf3 Nf6 2.c4 e6 3.Nc3 c5 4.g3 b6 5.Bg2 Bb7 6.O-O Be7 7.d4 cxd4 8.Qxd4 d6
9.Rd1 a6 10.b3 Nbd7 11.e4 Qb8 12.Ba3 Nc5 13.e5 Bxf3 14.Bxf3 dxe5 15.Bc6+ Kf8
16.Qe3 Ra7 17.b4 Ncd7 18.c5 Qc7 19.Bxd7 Nxd7 20.Rxd7 Qxd7 21.cxb6 Ra8 22.Rd1 Qc6
23.Ne4 f5 24.b5 axb5 25.Bxe7+ Kxe7 26.Qg5+ Kf7 27.Nd6+ Kf8 28.b7 Rb8 29.Nc8 Kf7
30.Qe7+ Kg6 31.Rd6 Qc1+ 32.Kg2 Qc4 33.Rxe6+ Kh5 34.Rxe5 Qc6+ 35.Kh3 Qf6 36.g4+  1-0

[Event "Rubinstein mem"]
[Site "Polanica Zdroj"]
[Date "1983.??.??"]
[Round "8"]
[White "Ardiansyah, Haji"]
[Black "Hernandez, Roman"]
[Result "0-1"]
[WhiteElo "2450"]
[BlackElo "2450"]

1.c4 Nf6 2.Nc3 c5 3.Nf3 g6 4.g3 Bg7 5.Bg2 Nc6 6.d4 cxd4 7.Nxd4 Nxd4 8.Qxd4 d6
9.O-O O-O 10.Qd3 Qa5 11.Nb5 a6 12.Bd2 Qd8 13.Nc3 Rb8 14.Rac1 Bd7 15.b4 Ng4
16.Nd5 Ne5 17.Qb3 e6 18.Ne3 Bc6 19.Rfd1 Bxg2 20.Kxg2 b5 21.cxb5 axb5 22.f4 Nd7
23.Bc3 d5 24.Bxg7 Kxg7 25.Ng4 h5 26.Nf2 Rc8 27.Rxc8 Qxc8 28.Qb2+ Kg8 29.e4 Nb6
30.Qd4 Qc6 31.Kg1 Ra8 32.g4 hxg4 33.Nxg4 Rxa2 34.Nh6+ Kf8 35.Qf6 Qc7 36.e5 Ke8
37.Ng8 Qa7 38.Qh4 Kf8 39.Qh8 Nc4+ 40.Kh1 Rxh2+ 41.Qxh2 Kxg8 42.Qe2 Qa3 43.Kh2 Qxb4
44.Ra1 Qc3 45.Ra8+ Kg7 46.Rc8 Qd4 47.Qf3 Nd2 48.Qg4 Qf2+  0-1

[Event "Poznan"]
[Site "Poznan"]
[Date "1983.??.??"]
[Round "2"]
[White "Santos, Luis"]
[Black "Stempin, Pawel"]
[Result "0-1"]
[WhiteElo "2365"]
[BlackElo "2380"]

1.c4 c5 2.Nf3 Nf6 3.Nc3 e6 4.g3 b6 5.Bg2 Bb7 6.O-O Be7 7.d4 cxd4 8.Qxd4 d6
9.e4 Nbd7 10.Qe3 a6 11.Nd4 Qc7 12.b3 O-O 13.Bb2 Rfe8 14.Rfe1 Bf8 15.h3 g6
16.Rad1 Rad8 17.Re2 Qb8 18.Qc1 Qa8 19.Nc2 h5 20.Qf4 Nh7 21.Rxd6 e5 22.Qd2 Bxd6
23.Qxd6 h4 24.Qd2 Ndf6 25.Nd5 b5 26.g4 bxc4 27.bxc4 Qb8 28.Nce3 Re6 29.Qa5 Rd7
30.Rd2 Bc6 31.Bc3 Ne8 32.Rb2 Qd8 33.Qxd8 Rxd8 34.Ba5 Rd7 35.Rb8 Rb7 36.Rc8 Rb1+
37.Kh2 Kg7 38.Bc3 Rc1 39.Bxe5+ Rxe5 40.Rxc6 Re6 41.Rxe6 fxe6 42.Nb4 Nc7 43.e5 g5
44.Be4 Nf8 45.Bc2 Ra1 46.Bb3 a5 47.Nc6 a4 48.Bxa4 Rxa2 49.Bc2 Na6 50.Kg2 Nd7
51.Nd4 Nac5 52.Nf3 Kh6 53.Kf1 Nf8 54.Nd4 Ncd7 55.Nf3 Ng6 56.Bxg6 Kxg6 57.Kg1 Nc5
58.Nd4 Rd2 59.Nf3 Rb2 60.Nd4 Nd3 61.Nxe6 Nxf2 62.Nc7 Nxh3+ 63.Kf1 Nf4 64.e6 Kf6
65.Ncd5+ Kxe6 66.Nxf4+ gxf4 67.Ng2 Kf6  0-1

[Event "Poznan"]
[Site "Poznan"]
[Date "1983.??.??"]
[Round "5"]
[White "Nowak, Ignacy"]
[Black "Santos, Luis"]
[Result "1/2-1/2"]
[WhiteElo "2370"]
[BlackElo "2365"]

1.c4 Nf6 2.Nf3 c5 3.Nc3 d5 4.cxd5 Nxd5 5.g3 Nc6 6.Bg2 Nc7 7.Qa4 Qd7 8.d3 e5
9.Be3 Be7 10.Rc1 Rb8 11.a3 b6 12.O-O f6 13.b4 cxb4 14.axb4 Nxb4 15.Qxa7 Ra8
16.Nxe5 Rxa7 17.Nxd7 Kxd7 18.Bxb6 Ra6 19.Bxc7 Kxc7 20.Nd5+ Kd8 21.Rxc8+ Kxc8
22.Nxe7+ Kd7 23.Nd5 Nxd5 24.Bxd5 Rb8 25.Rc1 Rb2 26.Bf3 Raa2 27.Kg2 Rc2 28.Re1 Kd6
29.h4 g6 30.g4 Rcb2 31.Kg3 Ke5 32.Rh1 h6 33.Rf1 Rd2 34.Be4 Rxe2 35.Bxg6 Kd4
36.Be4 Rab2 37.Bf5 Ra2 38.Kf3 Red2 39.Kg2 Rab2 40.Kg3 Re2 41.Be4 Ke5 42.Bg6 Kd4
43.h5 Ra2 44.Be4 Ke5 45.Bf5 Kd4 46.Bh7 Rad2 47.Be4 Ke5 48.f4+ Ke6 49.Kf3 Rh2
50.Ke3 Rde2+ 51.Kd4 Rhf2 52.Bf5+ Kd6 53.Rxf2 Rxf2 54.Ke4 Re2+ 55.Kf3 Re1
56.Kf2 Ra1 57.Bc8 Rb1 58.Kf3 Re1 59.Bb7 Rb1 60.Be4 Rf1+ 61.Ke3 Re1+ 62.Kf2 Ra1
63.g5 fxg5 64.fxg5 Ra5 65.gxh6 Rxh5 66.h7 Ke5 67.Kg3 Kf6 68.Kg4 Rh6  1/2-1/2

[Event "Poznan"]
[Site "Poznan"]
[Date "1983.??.??"]
[Round "6"]
[White "Santos, Luis"]
[Black "Milos, Gilberto"]
[Result "1-0"]
[WhiteElo "2365"]
[BlackElo "2410"]

1.c4 Nf6 2.Nc3 c5 3.Nf3 e6 4.g3 Nc6 5.Bg2 d5 6.cxd5 Nxd5 7.O-O Be7 8.d4 O-O
9.Nxd5 exd5 10.dxc5 Bxc5 11.Qc2 Bb6 12.Ng5 g6 13.Qd2 d4 14.Qf4 Bc7 15.Qh4 h5
16.h3 Kg7 17.Bf4 f6 18.Bxc7 Qxc7 19.Bxc6 Qxc6 20.Qxd4 Qb6 21.Qxb6 axb6 22.Ne4 Bxh3
23.Rfc1 Rf7 24.Rc4 Rd7 25.Rb4 Bf5 26.Nc3 Rd6 27.f3 Rc8 28.Kf2 Be6 29.Rh1 Kf7
30.a3 Bc4 31.Rh4 Ba6 32.g4 hxg4 33.Rhxg4 f5 34.Rgd4 Rcd8 35.Rxd6 Rxd6 36.f4 Ke8
37.e3 Kd7 38.Rd4 Rxd4 39.exd4 Bc4 40.Kg3 Ke7 41.Kh4 b5 42.Kg5 Kf7 43.b4  1-0